[Event "Tilburg"]
[Site "Tilburg"]
[Date "1994.??.??"]
[Round "2"]
[White "Smyslov, Vassily"]
[Black "Ivanchuk, Vassily"]
[Result "1/2-1/2"]
[WhiteElo "2510"]
[BlackElo "2695"]
[PlyCount "30"]
[EventDate "1994.09.??"]
[Source "ChessBase"]

1. e4 e5 2. Nf3 Nc6 3. Bb5 a6 4. Bxc6 dxc6 5. d4 exd4 6. Qxd4 Qxd4 7. Nxd4 Bd7 8. Nc3 O-O-O 9. Be3 Bb4 10. Nde2 f5 11. O-O-O Nf6 12. exf5 Bxf5 13. Rxd8+ Rxd8 14. a3 Bxc3 15. Nxc3 Nd5 1/2-1/2

[Event "Ashkhabad"]
[Site "Ashkhabad"]
[Date "1996.??.??"]
[Round "11"]
[White "Saltaev, Mihail"]
[Black "Korneev, Oleg"]
[Result "1/2-1/2"]
[WhiteElo "2530"]
[BlackElo "2590"]
[PlyCount "20"]
[EventDate "1996.??.??"]
[Source "ChessBase"]

1. e4 e5 2. Nf3 Nc6 3. Bb5 a6 4. Bxc6 dxc6 5. d4 exd4 6. Qxd4 Qxd4 7. Nxd4 Bd7 8. Nc3 O-O-O 9. Be3 Ne7 10. O-O-O Ng6 1/2-1/2

[Event "World Cup VI Final"]
[Site "Cork World Cup VI Final"]
[Date "1994.??.??"]
[Round "?"]
[White "Voyna, Alexandr"]
[Black "Voss, Maximilian"]
[Result "1/2-1/2"]
[WhiteElo "2590"]
[BlackElo "2490"]
[PlyCount "42"]
[EventDate "1994.??.??"]
[Source "www.chesslib.no"]
[SourceDate "2004.05.04"]

1. e4 e5 2. Nf3 Nc6 3. Bb5 a6 4. Bxc6 dxc6 5. d4 exd4 6. Qxd4 Qxd4 7. Nxd4 Bd7 8. Be3 O-O-O 9. Nd2 Ne7 10. f3 Ng6 11. Kf2 c5 12. Ne2 Be7 13. Rad1 b6 14. Nf4 Bh4+ 15. g3 Bf6 16. c3 Ba4 17. b3 Bc6 18. Nb1 Nxf4 19. gxf4 g6 20. Ke2 Rxd1 21. Rxd1 Rd8 1/2-1/2

[Event "SSDF 40-2, DK Bramming"]
[Site "?"]
[Date "1999.03.21"]
[Round "28"]
[White "Rebel 9 P200MMX 60MB"]
[Black "Nimzo 99 P200MMX 47MB"]
[Result "1-0"]
[WhiteElo "2524"]
[BlackElo "2520"]
[PlyCount "129"]
[EventDate "1999.??.??"]
[Source "www.chesslib.no"]
[SourceDate "2004.05.04"]

1. e4 e5 2. Nf3 Nc6 3. Bb5 a6 4. Bxc6 dxc6 5. d4 exd4 6. Qxd4 Qxd4 7. Nxd4 Bd7 8. Be3 O-O-O 9. Nc3 Re8 10. O-O-O Bb4 11. Nde2 f5 12. exf5 Bxf5 13. a3 Bd6 14. Rhe1 Nf6 15. h3 Ne4 16. Bd4 c5 17. Be3 Rhf8 18. Nd5 b5 19. f3 Nf6 20. Bf4 Nxd5 21. Bxd6 cxd6 22. Rxd5 Rf6 23. b4 c4 24. Kd1 Bd7 25. Nd4 Rxe1+ 26. Kxe1 g6 27. a4 bxa4 28. Kd2 Kc7 29. Kc3 Be6 30. Ra5 Kb6 31. Rxa4 Bd7 32. Ra5 Bb5 33. Ra1 Rf8 34. Re1 Rf6 35. Re7 h6 36. g4 Bc6 37. Rh7 Bxf3 38. Rxh6 Be4 39. Kxc4 Rf2 40. Kc3 Rh2 41. Rh7 Rg2 42. Re7 d5 43. Kb3 Rg3+ 44. Kb2 Rg2 45. g5 Rh2 46. Re6+ Kb7 47. Rf6 Rxh3 48. Ne6 Ka7 49. Nc5 Bf5 50. Rxa6+ Kb8 51. Rb6+ Ka7 52. Rb7+ Ka8 53. Rc7 Rh8 54. c3 Rh5 55. b5 Rh1 56. Kb3 Rb1+ 57. Ka4 Ra1+ 58. Kb4 Ra7 59. Na6 d4 60. cxd4 Rxc7 61. Nxc7+ Kb7 62. Nd5 Be4 63. Kc5 Bg2 64. Ne7 Kc7 65. b6+ 1-0

[Event "Manila ol (Men)"]
[Site "Manila PHI"]
[Date "1992.??.??"]
[Round "?"]
[White "Georgiev, Krum I"]
[Black "Graf, Alexander"]
[Result "1/2-1/2"]
[WhiteElo "2505"]
[BlackElo "2515"]
[PlyCount "61"]
[EventDate "1992.06.??"]
[Source "www.chesslib.no"]
[SourceDate "2004.05.04"]

1. e4 e5 2. Nf3 Nc6 3. Bb5 a6 4. Bxc6 dxc6 5. d4 exd4 6. Qxd4 Qxd4 7. Nxd4 Bd7 8. Be3 O-O-O 9. Nd2 Re8 10. O-O-O c5 11. Ne2 Bc6 12. f3 f5 13. Ng3 fxe4 14. Ndxe4 Nf6 15. Nxf6 gxf6 16. Bf4 Rg8 17. Rhe1 Rxe1 18. Rxe1 h5 19. Re2 h4 20. Nf5 h3 21. gxh3 Bxf3 22. Re6 Rg1+ 23. Kd2 Rg2+ 24. Kc3 Bd6 25. Nxd6+ cxd6 26. Rxd6 Be4 27. Rd2 Rxd2 28. Kxd2 c4 29. a4 Kd7 30. a5 Ke6 31. c3 1/2-1/2

[Event "Heraklio Open"]
[Site "Heraklio GRE"]
[Date "1993.??.??"]
[Round "8"]
[White "Georgiev, Krum I"]
[Black "Ibragimov, Ildar"]
[Result "1/2-1/2"]
[WhiteElo "2475"]
[BlackElo "2540"]
[PlyCount "43"]
[EventDate "1993.??.??"]
[Source "www.chesslib.no"]
[SourceDate "2004.05.04"]

1. e4 e5 2. Nf3 Nc6 3. Bb5 a6 4. Bxc6 dxc6 5. d4 exd4 6. Qxd4 Qxd4 7. Nxd4 Bd7 8. Nc3 O-O-O 9. Be3 Bb4 10. Nde2 Re8 11. O-O-O f5 12. Bd4 Re7 13. Ng3 Nh6 14. f3 Bd6 15. Kb1 Rhe8 16. a3 g6 17. Bf6 Re6 18. Bg7 Nf7 19. Bd4 R6e7 20. Bf6 Re6 21. Bd4 R6e7 22. Bf6 1/2-1/2

[Event "Moscow3"]
[Site "Moscow RUS"]
[Date "1992.??.??"]
[Round "?"]
[White "Laketic, Gojko"]
[Black "Kuzmin, Gennadi P"]
[Result "1/2-1/2"]
[WhiteElo "2480"]
[BlackElo "2535"]
[PlyCount "64"]
[EventDate "1992.??.??"]
[Source "www.chesslib.no"]
[SourceDate "2004.05.04"]

1. e4 e5 2. Nf3 Nc6 3. Bb5 a6 4. Bxc6 dxc6 5. d4 exd4 6. Qxd4 Qxd4 7. Nxd4 Bd7 8. Nc3 O-O-O 9. Be3 Re8 10. O-O-O Bb4 11. Nde2 f5 12. exf5 Bxf5 13. a3 Bd6 14. Ng3 Bg6 15. Rhe1 Nf6 16. f3 b5 17. Bg1 a5 18. Nce4 Nxe4 19. Nxe4 Bxe4 20. Rxe4 Rxe4 21. fxe4 Re8 22. Re1 a4 23. c3 c5 24. g3 Kd7 25. Kd2 Kc6 26. Kd3 Be5 27. Be3 Rf8 28. Ke2 g6 29. Rd1 Re8 30. Rd5 Bd6 31. Kf3 Rb8 32. Ke2 Rf8 1/2-1/2

[Event "Tony Hedlund"]
[Site "Lulea"]
[Date "1999.04.09"]
[Round "2"]
[White "Rebel9 P90"]
[Black "Nimzo '99 P200"]
[Result "1/2-1/2"]
[WhiteElo "2438"]
[BlackElo "2565"]
[PlyCount "232"]
[EventDate "1999.02.21"]
[Source "www.chesslib.no"]
[SourceDate "2004.05.04"]

1. e4 e5 2. Nf3 Nc6 3. Bb5 a6 4. Bxc6 dxc6 5. d4 exd4 6. Qxd4 Qxd4 7. Nxd4 Bd7 8. Be3 O-O-O 9. Nc3 Re8 10. O-O-O Bb4 11. Nde2 f5 12. exf5 Bxf5 13. a3 Bd6 14. Rhe1 Nf6 15. Nd4 Bg6 16. h3 Nd5 17. Nxd5 cxd5 18. Nf3 c6 19. c4 Re4 20. Nd2 Re7 21. Nf3 b5 22. cxd5 Rc7 23. Rd2 cxd5+ 24. Kd1 Rd7 25. Rxd5 Be4 26. Rd2 Bxf3+ 27. gxf3 Be5 28. b4 Rf8 29. Bc5 Rf5 30. Re4 Rdf7 31. Ke2 Bc7 32. Rd3 Kb7 33. h4 a5 34. Re6 Rh5 35. Be7 Rh6 36. Re4 Rc6 37. bxa5 Rc2+ 38. Kd1 Rxf2 39. Bb4 Rh2 40. Rd5 Rh1+ 41. Ke2 Rh2+ 42. Ke3 Rh3 43. Rxb5+ Ka6 44. Rh5 g6 45. Re6+ Ka7 46. Rb5 Rhxf3+ 47. Ke2 Rf2+ 48. Kd1 Rf1+ 49. Kc2 R1f2+ 50. Kb3 R2f3+ 51. Ka4 R3f4 52. h5 R7f6 53. Re7 Rf7 54. Rxf7 Rxf7 55. hxg6 hxg6 56. Rc5 Rg7 57. Kb5 Bd6 58. Rc4 Bxb4 59. axb4 g5 60. Rg4 Rg8 61. Ka4 Kb7 62. b5 Rg6 63. Kb3 Rg7 64. Kc4 Rg8 65. Kd4 Ka8 66. a6 Ka7 67. Kc5 Rc8+ 68. Kb4 Rc1 69. Rxg5 Rb1+ 70. Kc4 Rc1+ 71. Kb3 Kb6 72. Re5 Rb1+ 73. Kc4 Rc1+ 74. Kd3 Rd1+ 75. Kc2 Rg1 76. Rf5 Rg3 77. Rh5 Ra3 78. Rg5 Re3 79. Kd1 Rd3+ 80. Ke2 Ra3 81. Rd5 Rb3 82. Rf5 Ra3 83. Kd2 Rb3 84. Rd5 Ra3 85. Rh5 Rb3 86. Kc1 Rc3+ 87. Kb2 Rd3 88. Rg5 Rf3 89. Re5 Rd3 90. Kc2 Rg3 91. Re8 Rg2+ 92. Kb3 Rg3+ 93. Kc4 Rg4+ 94. Kc3 Rg3+ 95. Kd4 Rg4+ 96. Ke3 Rg7 97. Re5 Rg4 98. Rd5 Rb4 99. Kd3 Ra4 100. Kc3 Ra1 101. Rg5 Rc1+ 102. Kd2 Ra1 103. Kd3 Rc1 104. Kd4 Rd1+ 105. Ke4 Re1+ 106. Kf3 Rf1+ 107. Kg4 Rf2 108. Rf5 Ra2 109. Kf3 Rh2 110. Ke4 Rh4+ 111. Ke3 Rh1 112. Re5 Re1+ 113. Kd4 Rc1 114. Rh5 Rd1+ 115. Kc4 Rc1+ 116. Kb4 Rb1+ 1/2-1/2

[Event "X Open internazionale"]
[Site "Banyoles SPA"]
[Date "2007.08.24"]
[Round "9"]
[White "Gonzalez, Renier"]
[Black "Gonzalez Garcia, Jose"]
[Result "1/2-1/2"]
[WhiteElo "2456"]
[BlackElo "2540"]
[PlyCount "22"]
[EventDate "2007.08.16"]
[Source "www.chesslib.no"]
[SourceDate "2004.05.04"]

1. e4 e5 2. Nf3 Nc6 3. Bb5 a6 4. Bxc6 dxc6 5. d4 exd4 6. Qxd4 Qxd4 7. Nxd4 Bd7 8. Be3 O-O-O 9. f3 Ne7 10. Nd2 c5 11. Ne2 b6 1/2-1/2

[Event "Prague Chip"]
[Site "Prague"]
[Date "1992.??.??"]
[Round "12"]
[White "Keitlinghaus, Ludger"]
[Black "Smagin, Sergey"]
[Result "1/2-1/2"]
[WhiteElo "2440"]
[BlackElo "2550"]
[PlyCount "69"]
[EventDate "1992.01.??"]
[Source "ChessBase"]

1. e4 e5 2. Nf3 Nc6 3. Bb5 a6 4. Bxc6 dxc6 5. d4 exd4 6. Qxd4 Qxd4 7. Nxd4 Bd7 8. Be3 O-O-O 9. Nd2 Re8 10. O-O-O c5 11. Ne2 f5 12. Ng3 fxe4 13. Ndxe4 b6 14. Rde1 Bc6 15. f3 Ne7 16. h4 Bd7 17. h5 h6 18. Bd2 Nc6 19. Ne2 Bf5 20. Nf4 Bh7 21. Rh3 Nd4 22. Rg3 Rg8 23. Ng6 Bd6 24. Rg4 Kd7 25. c3 Nc6 26. Nxd6 cxd6 27. Rxe8 Kxe8 28. Bf4 Kd7 29. Bg3 Nd8 30. Rf4 Bxg6 31. hxg6 Ke6 32. Re4+ Kd7 33. Rf4 Ke6 34. Re4+ Kd7 35. Rf4 1/2-1/2

[Event "Ano Liosia Open"]
[Site "Ano Liosia GRE"]
[Date "1993.??.??"]
[Round "8"]
[White "Georgiev, Krum I"]
[Black "Mainka, Romuald"]
[Result "0-1"]
[WhiteElo "2475"]
[BlackElo "2515"]
[PlyCount "80"]
[EventDate "1993.??.??"]
[Source "www.chesslib.no"]
[SourceDate "2004.05.04"]

1. e4 e5 2. Nf3 Nc6 3. Bb5 a6 4. Bxc6 dxc6 5. d4 exd4 6. Qxd4 Qxd4 7. Nxd4 Bd7 8. Nc3 O-O-O 9. Be3 Bb4 10. Nde2 f5 11. O-O-O Nf6 12. exf5 Bxf5 13. Rxd8+ Rxd8 14. Rd1 Re8 15. Bd4 Bd6 16. h3 Bd7 17. Ng3 b6 18. a3 a5 19. Kb1 Re6 20. Nf5 Bf8 21. g4 g6 22. Ng3 c5 23. Be3 Bc6 24. Bc1 Bg2 25. g5 Ne8 26. Nd5 Bxd5 27. Rxd5 Re1 28. Rd3 Nd6 29. Re3 Rg1 30. a4 Kd7 31. b3 c4 32. h4 Bg7 33. Rf3 Be5 34. Re3 Bf4 35. Ne2 Bxe3 36. Nxg1 Bxf2 37. Nf3 cxb3 38. cxb3 Nf5 39. Ne5+ Ke8 40. Ng4 Bxh4 0-1

[Event "Surakarta/Denpasar"]
[Site "Surakarta"]
[Date "1982.??.??"]
[Round "5"]
[White "Matanovic, Aleksandar"]
[Black "Hulak, Krunoslav"]
[Result "1/2-1/2"]
[WhiteElo "2495"]
[BlackElo "2490"]
[PlyCount "28"]
[EventDate "1982.02.??"]
[Source "ChessBase"]

1. e4 e5 2. Nf3 Nc6 3. Bb5 a6 4. Bxc6 dxc6 5. d4 exd4 6. Qxd4 Qxd4 7. Nxd4 Bd7 8. Be3 O-O-O 9. Nc3 Bb4 10. Nde2 Ne7 11. a3 Bd6 12. O-O-O Ng6 13. f4 f6 14. g3 c5 1/2-1/2

[Event "Budapest FS08 GM"]
[Site "Budapest"]
[Date "1996.??.??"]
[Round "3"]
[White "McDonald, Neil R"]
[Black "Lukacs, Peter"]
[Result "1/2-1/2"]
[WhiteElo "2500"]
[BlackElo "2475"]
[PlyCount "36"]
[EventDate "1996.08.??"]
[Source "ChessBase"]

1. e4 e5 2. Nf3 Nc6 3. Bb5 a6 4. Bxc6 dxc6 5. d4 exd4 6. Qxd4 Qxd4 7. Nxd4 Bd7 8. Be3 O-O-O 9. Nd2 c5 10. Ne2 b6 11. a4 Ne7 12. a5 Kb7 13. Nf4 Nc6 14. axb6 cxb6 15. O-O-O Bd6 16. Nc4 Bxf4 17. Bxf4 Be6 18. Nd6+ Ka7 1/2-1/2

[Event "CZE-ch"]
[Site "Turnov"]
[Date "1996.??.??"]
[Round "5"]
[White "Haba, Petr"]
[Black "Mokry, Karel"]
[Result "1/2-1/2"]
[WhiteElo "2455"]
[BlackElo "2505"]
[PlyCount "28"]
[EventDate "1996.??.??"]
[Source "ChessBase"]

1. e4 e5 2. Nf3 Nc6 3. Bb5 a6 4. Bxc6 dxc6 5. d4 exd4 6. Qxd4 Qxd4 7. Nxd4 Bd7 8. Be3 O-O-O 9. Nc3 g6 10. O-O-O Bg7 11. Nde2 Ne7 12. Rd2 Bg4 13. Rhd1 Rxd2 14. Rxd2 Re8 1/2-1/2

[Event "Berliner Sommer"]
[Site "Berlin"]
[Date "1997.??.??"]
[Round "3"]
[White "Horvath, Tamas"]
[Black "Groszpeter, Attila"]
[Result "1/2-1/2"]
[WhiteElo "2390"]
[BlackElo "2530"]
[PlyCount "29"]
[EventDate "1997.08.??"]
[Source "ChessBase"]
[SourceDate "1997.09.26"]

1. e4 e5 2. Nf3 Nc6 3. Bb5 a6 4. Bxc6 dxc6 5. d4 exd4 6. Qxd4 Qxd4 7. Nxd4 Bd7 8. Nc3 O-O-O 9. Be3 Bb4 10. Nde2 Ne7 11. O-O-O Rhe8 12. a3 Bd6 13. Rxd6 cxd6 14. Bb6 f6 15. Rd1 1/2-1/2

[Event "COL-ch"]
[Site "Pensilvania"]
[Date "1998.08.03"]
[Round "3"]
[White "Perdomo, Carlos Andres"]
[Black "Garcia, Gildardo"]
[Result "0-1"]
[WhiteElo "2410"]
[BlackElo "2510"]
[PlyCount "82"]
[EventDate "1998.08.??"]
[Source "www.chesslib.no"]
[SourceDate "2004.05.04"]

1. e4 e5 2. Nf3 Nc6 3. Bb5 a6 4. Bxc6 dxc6 5. d4 exd4 6. Qxd4 Qxd4 7. Nxd4 Bd7 8. Be3 O-O-O 9. Nd2 Ne7 10. O-O-O Ng6 11. f3 Re8 12. Rde1 f6 13. h4 h5 14. Ne2 Be6 15. b3 Bd6 16. Bf2 Rd8 17. Nf1 Rd7 18. Bd4 c5 19. Bc3 c4 20. Kb2 b5 21. Bd4 Rhd8 22. Be3 Ne5 23. Nfg3 g6 24. f4 Ng4 25. Bc1 Bf7 26. Kb1 cxb3 27. axb3 c5 28. f5 c4 29. fxg6 Bxg6 30. Nf4 Bf7 31. bxc4 bxc4 32. c3 Be5 33. Ngxh5 Rb7+ 34. Kc2 Be8 35. Bb2 Nf2 36. g4 Nd3 37. Nxd3 cxd3+ 38. Kb1 Bxc3 39. Rc1 Rxb2+ 40. Ka1 Rc2+ 41. Kb1 Ba4 0-1

[Event "JUG Ch"]
[Site "Borovo"]
[Date "1981.??.??"]
[Round "16"]
[White "Martinovic, Slobodan"]
[Black "Simic, Radoslav"]
[Result "1/2-1/2"]
[WhiteElo "2475"]
[BlackElo "2440"]
[PlyCount "42"]
[EventDate "1981.03.??"]
[Source "www.chesslib.no"]
[SourceDate "2004.05.04"]

1. e4 e5 2. Nf3 Nc6 3. Bb5 a6 4. Bxc6 dxc6 5. d4 exd4 6. Qxd4 Qxd4 7. Nxd4 Bd7 8. Be3 O-O-O 9. Nd2 Ne7 10. O-O-O f6 11. f3 b6 12. Bf4 Ng6 13. Bg3 Bd6 14. Bxd6 cxd6 15. Rhe1 c5 16. Ne2 Be6 17. Nc3 d5 18. exd5 Bxd5 19. Nxd5 Rxd5 20. Nc4 Rxd1+ 21. Rxd1 Kc7 1/2-1/2

[Event "ALBACETE Ch"]
[Site "?"]
[Date "2002.09.07"]
[Round "9"]
[White "Minzer Claudio Javier"]
[Black "Hernandez Gilberto"]
[Result "1/2-1/2"]
[WhiteElo "2363"]
[BlackElo "2552"]
[PlyCount "33"]
[EventDate "2002.??.??"]
[Source "www.chesslib.no"]
[SourceDate "2004.05.04"]

1. e4 e5 2. Nf3 Nc6 3. Bb5 a6 4. Bxc6 dxc6 5. d4 exd4 6. Qxd4 Qxd4 7. Nxd4 Bd7 8. Nc3 O-O-O 9. Be3 Bd6 10. O-O Ne7 11. Nb3 b6 12. Rfd1 c5 13. a4 Be6 14. a5 Kb7 15. Rd2 Bxb3 16. cxb3 Nc6 17. axb6 1/2-1/2

[Event "Nassau CC Ch"]
[Site "Mineola"]
[Date "1993.??.??"]
[Round "?"]
[White "Bonin, Jay R"]
[Black "Sagalchik, Gennadij"]
[Result "0-1"]
[WhiteElo "2370"]
[BlackElo "2545"]
[PlyCount "68"]
[EventDate "1993.10.18"]
[Source "www.chesslib.no"]
[SourceDate "2004.05.04"]

1. e4 e5 2. Nf3 Nc6 3. Bb5 a6 4. Bxc6 dxc6 5. d4 exd4 6. Qxd4 Qxd4 7. Nxd4 Bd7 8. Be3 O-O-O 9. Nd2 c5 10. Ne2 b6 11. O-O-O Ne7 12. Nf3 f6 13. Nf4 Re8 14. Rd2 Ng6 15. Nxg6 hxg6 16. e5 Bc6 17. exf6 gxf6 18. h4 Bd6 19. Rdd1 Re4 20. h5 gxh5 21. Nh4 Bd7 22. g3 Bxg3 23. fxg3 Rxe3 24. Ng6 Rh6 25. Nf4 Rxg3 26. Nxh5 Rf3 27. Rhg1 Rxh5 28. Rg8+ Kb7 29. Rxd7 Rh2 30. b3 Rf1+ 31. Kb2 Rff2 32. Rgg7 Rxc2+ 33. Kb1 Kc6 34. Rxc7+ Kb5 0-1

[Event "JUG-ch"]
[Site "Kladovo"]
[Date "1990.??.??"]
[Round "?"]
[White "Laketic, Gojko"]
[Black "Gligoric, Svetozar"]
[Result "1/2-1/2"]
[WhiteElo "2425"]
[BlackElo "2485"]
[PlyCount "43"]
[EventDate "1990.02.??"]
[Source "ChessBase"]

1. e4 e5 2. Nf3 Nc6 3. Bb5 a6 4. Bxc6 dxc6 5. d4 exd4 6. Qxd4 Qxd4 7. Nxd4 Bd7 8. Nc3 O-O-O 9. Be3 Bb4 10. Nde2 Re8 11. a3 Bxc3+ 12. Nxc3 Nf6 13. f3 Nd5 14. Bd2 f5 15. O-O Nxc3 16. Bxc3 fxe4 17. fxe4 Rxe4 18. Rae1 Rxe1 19. Rxe1 Bf5 20. Bxg7 Rd8 21. Bf6 Rf8 22. Be7 1/2-1/2

[Event "Sverdlovsk"]
[Site "Sverdlovsk"]
[Date "1989.??.??"]
[Round "?"]
[White "Machulsky, Anatoly D"]
[Black "Horvath, Csaba"]
[Result "1/2-1/2"]
[WhiteElo "2465"]
[BlackElo "2445"]
[PlyCount "27"]
[EventDate "1989.10.??"]
[Source "www.chesslib.no"]
[SourceDate "2004.05.04"]

1. e4 e5 2. Nf3 Nc6 3. Bb5 a6 4. Bxc6 dxc6 5. d4 exd4 6. Qxd4 Qxd4 7. Nxd4 Bd7 8. Be3 O-O-O 9. Nc3 Bb4 10. O-O-O Ne7 11. Nde2 Ng6 12. a3 Bd6 13. f3 Rhe8 14. Kb1 1/2-1/2

[Event "RUS-ch"]
[Site "Elista"]
[Date "1996.??.??"]
[Round "1"]
[White "Skvortsov, Alexandr L"]
[Black "Sorokin, Maxim"]
[Result "1/2-1/2"]
[WhiteElo "2350"]
[BlackElo "2550"]
[PlyCount "70"]
[EventDate "1996.10.15"]
[Source "ChessBase"]

1. e4 e5 2. Nf3 Nc6 3. Bb5 a6 4. Bxc6 dxc6 5. d4 exd4 6. Qxd4 Qxd4 7. Nxd4 Bd7 8. Be3 O-O-O 9. Nd2 Re8 10. O-O-O Ne7 11. Rhe1 Ng6 12. N4f3 c5 13. h3 Bc6 14. Bg5 f6 15. Bh4 Bd6 16. Bg3 Re6 17. Bxd6 cxd6 18. Nc4 Kc7 19. Nfd2 Rhe8 20. f3 d5 21. Na5 dxe4 22. Nxc6 exf3 23. Rxe6 Rxe6 24. Nd4 cxd4 25. Nxf3 Nf4 26. Nxd4 Ne2+ 27. Nxe2 Rxe2 28. g3 h5 29. h4 Re3 30. Rg1 Re4 31. Rf1 Re3 32. Rg1 f5 33. Kd2 Re4 34. Rf1 g6 35. Rf4 Re5 1/2-1/2

[Event "17th Masters"]
[Site "Clichy"]
[Date "2003.03.27"]
[Round "6"]
[White "Georgiev, Krum"]
[Black "Le Roux, Jean Pierre"]
[Result "0-1"]
[WhiteElo "2529"]
[BlackElo "2364"]
[PlyCount "92"]
[EventDate "2003.03.22"]
[Source "Roberto Alvarez"]
[SourceDate "2003.03.31"]

1. e4 e5 2. Nf3 Nc6 3. Bb5 a6 4. Bxc6 dxc6 5. d4 exd4 6. Qxd4 Qxd4 7. Nxd4 Bd7 8. Nc3 O-O-O 9. Be3 Ne7 10. O-O-O c5 11. Nde2 b6 12. h4 f5 13. Ng3 fxe4 14. h5 Re8 15. Bf4 Bc6 16. Rhe1 Rg8 17. Ngxe4 Nf5 18. f3 Be7 19. Bg5 Bxg5+ 20. Nxg5 h6 21. Ne6 Nh4 22. Nf4 Rxe1 23. Rxe1 Rf8 24. Ncd5 Kb8 25. c4 Bxd5 26. Nxd5 Nxg2 27. Re7 Nf4 28. Nxc7 Nxh5 29. Nd5 Nf4 30. Nxb6 Rh8 31. Nd7+ Kc8 32. Nxc5 h5 33. Ne4 h4 34. Ng5 h3 35. Nxh3 Rxh3 36. Rxg7 Rh2 37. Ra7 Nd3+ 38. Kb1 Rxb2+ 39. Ka1 Rb6 40. a3 Ne5 41. c5 Rc6 42. f4 Nd3 43. f5 Nxc5 44. Rf7 Ne4 45. Kb2 Rf6 46. Re7 Nc5 0-1

[Event "BKL-Turnier"]
[Site "Leipzig"]
[Date "1979.??.??"]
[Round "1"]
[White "Vorotnikov, Vladislav V"]
[Black "Mikhalchishin, Adrian"]
[Result "1/2-1/2"]
[WhiteElo "2410"]
[BlackElo "2480"]
[PlyCount "41"]
[EventDate "1979.12.03"]
[Source "ChessBase"]

1. e4 e5 2. Nf3 Nc6 3. Bb5 a6 4. Bxc6 dxc6 5. d4 exd4 6. Qxd4 Qxd4 7. Nxd4 Bd7 8. Nc3 O-O-O 9. Be3 Bd6 10. O-O-O Ne7 11. h3 Ng6 12. Nf5 Be5 13. Ne2 Rhe8 14. g4 Bxf5 15. exf5 Rxd1+ 16. Rxd1 Ne7 17. c4 Ng8 18. Kc2 Nf6 19. Nc1 Rd8 20. Rxd8+ Kxd8 21. Nd3 1/2-1/2

[Event "Espoo"]
[Site "Espoo"]
[Date "1987.??.??"]
[Round "10"]
[White "Valkesalmi, Kimmo"]
[Black "Lukacs, Peter"]
[Result "1/2-1/2"]
[WhiteElo "2390"]
[BlackElo "2500"]
[PlyCount "24"]
[EventDate "1987.??.??"]
[Source "www.chesslib.no"]
[SourceDate "2004.05.04"]

1. e4 e5 2. Nf3 Nc6 3. Bb5 a6 4. Bxc6 dxc6 5. d4 exd4 6. Qxd4 Qxd4 7. Nxd4 Bd7 8. Be3 O-O-O 9. Nd2 Re8 10. O-O-O Ne7 11. Rhe1 c5 12. Ne2 Nc6 1/2-1/2

[Event "Antalya"]
[Site "Antalya"]
[Date "2001.04.04"]
[Round "4"]
[White "Georgiev, Krum"]
[Black "Arduman, Can"]
[Result "1/2-1/2"]
[WhiteElo "2510"]
[BlackElo "2375"]
[PlyCount "32"]
[EventDate "2001.04.02"]
[Source "ChessBase"]
[SourceDate "2001.05.06"]

1. e4 e5 2. Nf3 Nc6 3. Bb5 a6 4. Bxc6 dxc6 5. d4 exd4 6. Qxd4 Qxd4 7. Nxd4 Bd7 8. Nc3 O-O-O 9. Be3 Bb4 10. Nde2 Ne7 11. O-O-O Ng6 12. Na4 b6 13. h4 h5 14. f3 Be7 15. Bf2 c5 16. Nac3 Be6 1/2-1/2

[Event "Capablanca mem-B"]
[Site "Cienfuegos"]
[Date "1985.??.??"]
[Round "9"]
[White "Pecorelli Garcia, Humberto"]
[Black "Huerta, Ramon"]
[Result "1/2-1/2"]
[WhiteElo "2435"]
[BlackElo "2440"]
[PlyCount "44"]
[EventDate "1985.??.??"]
[Source "ChessBase"]

1. e4 e5 2. Nf3 Nc6 3. Bb5 a6 4. Bxc6 dxc6 5. d4 exd4 6. Qxd4 Qxd4 7. Nxd4 Bd7 8. Be3 O-O-O 9. Nd2 Ne7 10. O-O-O Ng6 11. N4b3 Bd6 12. Nc4 Be6 13. Nxd6+ cxd6 14. Nd4 Rhe8 15. Nxe6 Rxe6 16. f3 Ne5 17. Bd4 f6 18. Bxe5 dxe5 19. Rxd8+ Kxd8 20. Rd1+ Kc7 21. Rd3 Rd6 22. Rxd6 Kxd6 1/2-1/2

[Event "Bor"]
[Site "Bor"]
[Date "1984.??.??"]
[Round "?"]
[White "Kirov, Nino"]
[Black "Hulak, Krunoslav"]
[Result "1/2-1/2"]
[WhiteElo "2430"]
[BlackElo "2440"]
[PlyCount "30"]
[EventDate "1984.10.??"]
[Source "ChessBase"]

1. e4 e5 2. Nf3 Nc6 3. Bb5 a6 4. Bxc6 dxc6 5. d4 exd4 6. Qxd4 Qxd4 7. Nxd4 Bd7 8. Nc3 O-O-O 9. Be3 f6 10. O-O-O Bd6 11. f3 Ne7 12. Rd2 c5 13. Nde2 Ng6 14. Nd5 Be6 15. a3 b6 1/2-1/2

[Event "Sochi"]
[Site "Sochi"]
[Date "1997.??.??"]
[Round "?"]
[White "Komliakov, Viktor"]
[Black "Koniushkov, Igor"]
[Result "1/2-1/2"]
[WhiteElo "2460"]
[BlackElo "2405"]
[PlyCount "36"]
[EventDate "1997.??.??"]
[Source "www.chesslib.no"]
[SourceDate "2004.05.04"]

1. e4 e5 2. Nf3 Nc6 3. Bb5 a6 4. Bxc6 dxc6 5. d4 exd4 6. Qxd4 Qxd4 7. Nxd4 Bd7 8. Be3 O-O-O 9. Nc3 Bb4 10. Nde2 f6 11. O-O-O Ne7 12. a3 Bd6 13. Bf4 Bg4 14. f3 Be6 15. Bxd6 cxd6 16. Nf4 Bf7 17. Rhe1 Rhe8 18. h4 Kc7 1/2-1/2

[Event "ARG Ch"]
[Site "Buenos Aires ARG"]
[Date "1988.??.??"]
[Round "?"]
[White "Ricardi, Pablo"]
[Black "Tempone, Marcelo J"]
[Result "1/2-1/2"]
[WhiteElo "2415"]
[BlackElo "2450"]
[PlyCount "23"]
[EventDate "1988.??.??"]
[Source "www.chesslib.no"]
[SourceDate "2004.05.04"]

1. e4 e5 2. Nf3 Nc6 3. Bb5 a6 4. Bxc6 dxc6 5. d4 exd4 6. Qxd4 Qxd4 7. Nxd4 Bd7 8. Nc3 O-O-O 9. Be3 Bb4 10. Nde2 Ne7 11. O-O-O Ng6 12. a3 1/2-1/2

[Event "Capablanca Mem Premier II"]
[Site "?"]
[Date "2003.05.11"]
[Round "6"]
[White "Pecorelli Garcia Humberto"]
[Black "Hernandez Roman"]
[Result "1/2-1/2"]
[WhiteElo "2450"]
[BlackElo "2403"]
[PlyCount "20"]
[EventDate "2003.??.??"]
[Source "www.chesslib.no"]
[SourceDate "2004.05.04"]

1. e4 e5 2. Nf3 Nc6 3. Bb5 a6 4. Bxc6 dxc6 5. d4 exd4 6. Qxd4 Qxd4 7. Nxd4 Bd7 8. Nc3 O-O-O 9. Be3 Bd6 10. Rd1 Ne7 1/2-1/2

[Event "Primat 5th"]
[Site "Decin CZE"]
[Date "1975.06.19"]
[Round "15"]
[White "Zinn, Lothar"]
[Black "Nun, Josef"]
[Result "1/2-1/2"]
[WhiteElo "2410"]
[BlackElo "2440"]
[PlyCount "22"]
[EventDate "1975.06.03"]
[Source "www.chesslib.no"]
[SourceDate "2004.05.04"]

1. e4 e5 2. Nf3 Nc6 3. Bb5 a6 4. Bxc6 dxc6 5. d4 exd4 6. Qxd4 Qxd4 7. Nxd4 Bd7 8. Bg5 f6 9. Be3 O-O-O 10. Nd2 Ne7 11. O-O-O Ng6 1/2-1/2

[Event "Olimpiadi 2008 - open"]
[Site "Dresda GER"]
[Date "2008.11.22"]
[Round "9"]
[White "Al Qudaimi, B."]
[Black "Samhouri, A."]
[Result "1/2-1/2"]
[WhiteElo "2464"]
[BlackElo "2378"]
[PlyCount "78"]
[EventDate "2008.11.13"]
[Source "www.chesslib.no"]
[SourceDate "2004.05.04"]

1. e4 e5 2. Nf3 Nc6 3. Bb5 a6 4. Bxc6 dxc6 5. d4 exd4 6. Qxd4 Qxd4 7. Nxd4 Bd7 8. Be3 O-O-O 9. Nc3 Bb4 10. Nde2 Ne7 11. a3 Bxc3+ 12. Nxc3 f5 13. e5 Nd5 14. Nxd5 cxd5 15. f4 Be6 16. O-O-O Rd7 17. b4 Rhd8 18. Bf2 b6 19. Rd2 Kb7 20. Rhd1 c6 21. Kb2 Rc8 22. c4 Re8 23. h3 Rf7 24. cxd5 Bxd5 25. g3 Kc7 26. a4 Be6 27. Rd6 Bd5 28. Rc1 Be4 29. Rcd1 Bf3 30. R1d3 Be4 31. Rd1 Bf3 32. R1d3 Bd5 33. Rd1 Be4 34. R1d3 Kb7 35. Bxb6 Bd5 36. Bc5 Be6 37. Rd1 Bd5 38. Rd3 Be4 39. Bf2 Kc7 1/2-1/2